Superbowl Halftime Show Performers - Statistics

General Stats
  • This quiz has been taken 547 times
    372 since last reset
  • The average score is 29 of 68
Answer Stats
Show Sponsor Hint Performers % Correct
"M.A.A.D City" Kendrick Lamar
92%
LIX "Not Like Us" Kendrick Lamar
92%
"Lose Yourself" Eminem
86%
XLVIII(2014) "Locked Out of Heaven" Bruno Mars
83%
"Uptown Funk" Bruno Mars
83%
XLIX(2015) "Roar" Katy Perry
83%
LI(2017) Pepsi ZeroSugar "Poker Face" Lady Gaga
82%
LVII(2023) Apple Music "Diamonds" Rihanna
82%
"OMG" Usher
81%
LVIII (2024) "Love In This Club" Usher
81%
"In da Club" 50 Cent
80%
"The Next Episode" Snoop Dogg
77%
XLVII(2013) Pepsi "Run the World (Girls)" Beyonce
75%
"Crazy In Love" Beyonce
75%
50(2016) "Viva la Vida" Coldplay
75%
"Rock Your Body" Justin Timberlake
75%
LII(2018) Pepsi "Can't Stop the Feeling!" Justin Timberlake
75%
LV(2021) "Starboy" The Weeknd
75%
LVI(2022) "California Love" Dr. Dre
71%
LIV(2020) "She Wolf" Shakira
64%
LIII(2019) "Girls Like You" Maroon 5
62%
"Sicko Mode" Travis Scott
62%
"On the Floor Jennifer Lopez
60%
XLV(2011) "I Gotta Feeling" The Black Eyed Peas
58%
XLVI(2012) "Vogue" Madonna
57%
XXXVIII(2004) AOLTopspeed "All for You" Janet Jackson
53%
"Music" / "Party Rock Anthem" / "Sexy and I Know It" LMFAO
47%
"Walk This Way" Mary J. Blige
47%
"Family Affair Mary J. Blige
47%
"I Like It" Bad Bunny
44%
XXXV(2001) "I Don't Want to Miss a Thing" Aerosmith
38%
XLI(2007) Pepsi "Let's Go Crazy" Prince
36%
XXXVI (2002) "Beautiful Day" U2
35%
"If I Ain't Got You" Alicia Keys
34%
"Turn Down for What" Lil Jon
34%
"Walk This Way" Nelly
33%
"Hot in Herre" Nelly
33%
"Get Ur Freak On" Missy Elliot
32%
"Mi Gente" J Balvin
29%
"Bootylicious" Destiny's Child
27%
XXXVII(2003) AT&TWireless "Man! I Feel like a Woman!" Shania Twain
27%
"Walk This Way" Britney Spears
26%
"It's Gonna Be Me" NSYNC
26%
"Yeah!" Ludacris
25%
XL(2006) SprintNexlet "Start Me Up" The Rolling Stones
24%
XLIV(2010) "Pinball Wizard" The Who
23%
"Celebrate the Future Hand in Hand" Christina Aguilera
22%
"Give It Away" Red Hot Chili Peppers
22%
"Give Me All Your Luvin'" Nicki Minaj
20%
XXXIX(2005) AmeriquestMortgage "Drive My Car" Paul McCartney
19%
"OMG" will.i.am
18%
"Just a Girl" No Doubt
17%
"Lose Yourself"(Drums) Anderson.Paak
15%
XLIII(2009) "Tenth Avenue Freeze-Out" Bruce Springsteen
15%
"Sweet Child O' Mine" Slash
15%
"Message in a Bottle" Sting
15%
XLII(2008) Bridgestone "American Girl" Tom Petty and the Heartbreakers
15%
"Like a Prayer" Cee Lo Green
14%
"Bad Boy for Life" P. Diddy
13%
"I Kissed a Girl" Lenny Kravitz
12%
"The Way You Move" Big Boi
11%
"U Got It Bad" H.E.R.
11%
"Give Me All Your Luvin'" M.I.A.
11%
"Cowboy" Kid Rock
8%
XXXIV(2000) E-Trade "Two Worlds" Phil Collins
7%
"Celebrate the Future Hand in Hand" Enrique Iglesias
6%
"Confessions Part II" Jermaine Dupri
2%
"We Go On" Toni Braxton
2%
No matching quizzes found
Score Distribution
Percent of People with Each Score
Percentile by Number Answered
Your Score History
You have not taken this quiz since the last reset